000 00617nab a2200205 a 4500
005 20210223132302.0
008 991125s1985 mx 000 0 spa u
035 _aUPN01000195534
100 1 _aD'Amore, Bruno,
_d1946-
_934756
100 1 _ubruno.damore@unibo.it
222 _aUNO :
_bREVISTA DE DIDACTICA DE LAS MATEMATICAS
245 _aFrases que determinaron y dirigieron mi investigación
260 _aBarcelona, EspaƱa
300 _a71-84
362 0 _a2013 No. 62, abr.-jun.
653 0 _aINVESTIGACION MATEMATICA
653 0 _aINFINITO (MATEMATICAS)
653 0 _aAPRENDIZAJE
905 _aArticulo
999 _c167635
_d167635